U.S. Cities by Letter - M (Map Quiz) - Statistics

General Stats
  • This quiz has been taken 1,033 times
  • The average score is 15 of 20
Answers on the Map
Answers color-coded by a green-red scale on the quiz's map according to % correct below.
 
Answer Stats
Answer % Correct
Miami
96%
Minneapolis
94%
Memphis
93%
Madison
89%
Milwaukee
89%
Mobile
88%
Montpelier
87%
Mesa
86%
Myrtle Beach
85%
Montgomery
82%
McAllen
72%
Modesto
72%
Macon
71%
Missoula
71%
Midland
64%
Morgantown
64%
Melbourne
63%
Medford
59%
Minot
57%
Manhattan
55%
No matching quizzes found
Score Distribution
Percent of People with Each Score
Percentile by Number Answered
Your Score History
You have not taken this quiz